| 000 | 00000nam##2200000za#4500 |
| 001 | 9.669573 |
| 003 | CaOODSP |
| 005 | 20220901140037 |
| 007 | ta |
| 008 | 150407|2007||||xxc||||| f|0| 0 eng|d |
| 020 | |a978-0-662-05402-3 |
| 040 | |aCaOODSP|beng |
| 041 | |aeng |
| 041 | |afre |
| 043 | |an-cn--- |
| 086 | 1 |aJ2-206/2007 |
| 110 | 1 |aCanada.|bJustice Canada. |
| 245 | 10|aVictims matter / |cIssued by the Policy Centre for Victim Issues. |
| 260 | |aOttawa - Ontario : |bJustice Canada |c2007. |
| 300 | |aEnglish text, [4]p. ; |c22 cm. |
| 563 | |aPamphlet |
| 590 | |a08-10|b2008-03-07 |
| 690 | 07|aVictims|2gcpds |
| 776 | 0#|tQuestions ayant trait aux victimes |w(CaOODSP)9.634896 |
| 776 | 0#|tVictims matter |w(CaOODSP)9.690541 |
| 792 | |tQuestions ayant trait aux victimes / |efre|w(CaOODSP)9.669574 |